Hungarian software companies.

Bibliographic Details
Format: Book
Published: Budapest: ITD Hungary, 1997.
Subjects:
LEADER 00433cam a2200157 7i4500
001 0000005728
005 19991025090000.0
002 ##000007370
020 0 0 |a T000005735  
090 0 0 |a HUNG 338.470 04   |b HUN 
245 0 0 |a Hungarian software companies. 
260 0 0 |a Budapest:   |b ITD Hungary,   |c 1997. 
300 0 0 |a 31 p.. 
650 0 0 |a Computer industry --   |z Hungary  
651 0 0 |a Hungary  
999 |a 0000008641  |b Book  |c Open shelf  |e Business Information Centre